Zooarchaeology /

محفوظ في:

المؤلف الرئيسي: Reitz, Elizabeth Jean, 1946- (مؤلف)

مؤلفون آخرون: Wing, Elizabeth S.

التنسيق: كتاب

اللغة: English

منشور في: Cambridge ; New York : Cambridge University Press, 2008.

الطبعة: 2nd ed., Rev. ed.

سلاسل: Cambridge manuals in archaeology.

الموضوعات:

الوسوم: إضافة وسم

لا توجد وسوم, كن أول من يضع وسما على هذه التسجيلة!

رقم الطلب: CC79.5 .A5 R45 2008

LEADER 00960namaa2200289 4500
001 22063
003 OSt
005 20251026130337.0
008 130303s2008 enkab b 001 0 eng d
010 |a 2007019451 
020 |a 9780521673938 
020 |a 0521673933 
040 |c ARCE Library 
050 4 |a CC79.5 .A5 R45 2008 
100 1 |a Reitz, Elizabeth Jean,  |d 1946-  |e author 
245 1 0 |a Zooarchaeology /  |c Elizabeth J. Reitz, Elizabeth S. Wing. 
250 |a 2nd ed., Rev. ed. 
264 1 |a Cambridge ;   |a New York :   |b Cambridge University Press,   |c 2008. 
300 |a xxi, 533 pages :  |b illustrations, maps ;  |c 26 cm. 
490 0 |a Cambridge manuals in archaeology. 
504 |a Includes bibliographical references (pages [409]-490) and indexes. 
555 |a Sara.lib 
650 0 |a Animal remains (Archaeology)  |x Identification  |v Handbooks, manuals, etc. 
700 1 |a Wing, Elizabeth S.  |9 42277 
901 |a reviewed 
942 |c BK  |2 lcc 
999 |c 20669  |d 20669